| 000 | 00384 a2200121 4500 | ||
|---|---|---|---|
| 001 | ART_3254 | ||
| 005 | 20260410161713.0 | ||
| 008 | 260409a | ||
| 245 | 1 | 0 | _aCrecimiento, distribución y bienestar: una respuesta |
| 100 | 1 | _aDiéguez, Héctor L. | |
| 700 | 1 | _aPetrecolla, Alberto | |
| 773 | 0 |
_tDesarrollo económico _g- Vol. 16, Nº 63 (oct./dic. 1976) _wREV1174 |
|
| 999 |
_c16258 _d16258 |
||